| 000 | 00483nam a22001697a 4500 | ||
|---|---|---|---|
| 005 | 20250401170929.0 | ||
| 008 | 250401b |||||||| |||| 00| 0 eng d | ||
| 020 | _a9781835491270 | ||
| 041 | _aeng | ||
| 082 | _a338.230 SAE | ||
| 100 | _aSaenz, Cesar | ||
| 245 | _aExtractive Industries Social Licensing and Corporate Social Responsibility | ||
| 260 |
_aUK _bEmerald Publishing _c2024 |
||
| 300 | _a131;. pages: 23 cm | ||
| 650 | _aMineral Industries; Communities | ||
| 942 | _cBK | ||
| 999 |
_c43514 _d43514 |
||